| 000 | 00534nam a2200217 a 4500 | ||
|---|---|---|---|
| 999 |
_c4125 _d4125 |
||
| 001 | 4125 | ||
| 003 | BD-JhCC | ||
| 005 | 20171123100738.0 | ||
| 008 | 171123s n a|||| || | 000 0 eng d | ||
| 035 | _a(BD-JhCC)4125 | ||
| 040 |
_aBD-JhCC _dBD-JhCC |
||
| 041 | _aeng | ||
| 082 |
_a428.6 _bMOO |
||
| 100 | _aMoore, Lilian | ||
| 245 |
_aReading Skill Builder / _cLilian Moore, |
||
| 260 |
_aNew York : _bNew York City Board, |
||
| 300 |
_a127 p. : _c20 cm. |
||
| 650 | _aReaders (elmentary) | ||
| 942 |
_2ddc _cBK |
||